000 00579nam a2200193Ia 4500
005 20250326140958.0
008 250326s9999 xx 000 0 und d
020 _a0-333-73219-7
037 _aTextbook
040 _aFMSL
_beng
_cFMSL
041 _aeng
_2eng
084 _aX:74.4 N9
_qFMSL
100 _aRomijn Henny
_9743494
245 0 _aAcquisition of technological capability in small firms in developing countries
_cRomijn Henny
260 _aLondon
_bLondon, Macmillian
_c1999
300 _axii,374
942 _cTB
_hX:74.4 N9
999 _c1288133
_d1288133